000 00396 a2200157 4500
001 72243
020 _a8572082611
040 _cAnchieta - Colégio São Paulo
100 _aRodrigues, Sonia
240 1 0 _aAgenda da descoberta; João e Maria
_lpor
245 1 0 _aAgenda da descoberta; João e Maria
300 _a[110.p]
362 0 _a2009
650 4 _aLiteratura infanto-juvenil
942 _cBK
999 _c72243
_d72243